000 01013cac a22002651u 4500
090 _c6906
008 090108t 2006xxu||||| |||| 00| 0 eng d
010 _a 2005058871
020 _a0764134183
035 _a(OCoLC)ocm63116475
082 0 0 _a657.3
_bFRI
100 _aFriedlob, G. Thomas.
245 1 0 _aFinancial and business statements /
_cGeorge T. Friedlob, Franklin J. Plewa, Jr.
250 _a3rd ed.
260 _aHauppauge, NY :
_bBarron's Educational Series,
_cc2006.
260 _bDistributer: Al-Ahram
300 _a332 p. :
_bill. ;
_c19 cm.
440 0 _aBarron's business library
500 _aIncludes index.
650 0 _aFinancial statements.
700 1 _aPlewa, Franklin James,
_d1949-
856 4 2 _3Publisher description
_uhttp://www.loc.gov/catdir/enhancements/fy0630/2005058871-d.html
942 _cBB
_k657.3FRI
_2ddc
999 _c6906
_d6906